000 00795nam a2200253 i 4500
001 000038818
003 DO-SdBNP
005 20240229073955.0
007 ta
008 130425s1980 dr 000 0 spa d
040 _aDO-SdBNP
_bspa
_cBNPHU
_erda
082 4 _222
_bV422e
100 1 _aVega, Bernardo,
_d1938 -
_eautor
_93222
245 1 0 _aEvaluación de la administración de las empresas de Corde 1962-1977 /
_cBernardo Vega.
264 _aSanto Domingo :
_bAcademia de Ciencias de la República Dominicana,
_c1980.
300 _a144 paginas ;
_c23 cm.
336 _2rdacontent
_atexto
_btxt
337 _2rdamedia
_asin mediación
_bn
338 _2rdacarrier
_avolumen
_bnc
504 _aBibliografía : p. 59 -60
590 _aInventariado, 2023/BT
910 _aBT
942 _2ddc
_cLBS1
999 _c38308
_d38308